A history of the English language (Record no. 241806)

MARC details
000 -LEADER
fixed length control field 00696nam a2200217Ia 4500
008 - FIXED-LENGTH DATA ELEMENTS--GENERAL INFORMATION
fixed length control field 191130s2006##################000#0#eng##
020 ## - INTERNATIONAL STANDARD BOOK NUMBER
ISBN 9780521717991
082 ## - DEWEY DECIMAL CLASSIFICATION NUMBER
Classification number 420.9 HOG
245 ## - TITLE STATEMENT
Title A history of the English language
Statement of responsibility, etc edited by Richard Hogg and David Denison
260 ## - PUBLICATION, DISTRIBUTION, ETC. (IMPRINT)
Place of publication Cambridge
Name of publisher Cambridge University Press
Year of publication 2006
300 ## - PHYSICAL DESCRIPTION
Number of Pages xiii, 495 p. : ill., maps ; 26 cm
500 ## - GENERAL NOTE
General note Includes bibliographical references (p. 440-478) and index
650 ## - SUBJECT ADDED ENTRY--TOPICAL TERM
Topical Term English language - History
700 ## - ADDED ENTRY--PERSONAL NAME
Personal name Denison, David
Personal name Hogg, Richard M
991 ## -
-- 312819
Holdings
Withdrawn status Lost status Damaged status Not for loan Home library Current library Shelving location Date acquired Full call number Accession Number Price effective from Koha item type
        Anna Centenary Library Anna Centenary Library 4TH FLOOR, B WING 13.10.2020 420.9 HOG 105047 13.10.2020 English Books

Find us on the map